[Event "GCT 2023 Croazia - Blitz"]
[Site "Zagabria"]
[Date "08.07.2023"]
[Round "B5"]
[White "Lupulescu, Constantin"]
[Black "Caruana, Fabiano"]
[Result "0-1"]
[WhiteElo "2584"]
[BlackElo "2782"]
[PlyCount "148"]
[EventDate "2023.??.??"]
[WhiteTeam "ROU"]
[BlackTeam "Stati Uniti"]
[BlackTeamCountry "USA"]

1. d4 Nf6 2. c4 e6 3. Nc3 Bb4 4. e3 O-O 5. Bd3 d5 6. Nf3 b6 7. O-O Bb7 8. a3
Bd6 9. b4 dxc4 10. Bxc4 Nbd7 11. Bb2 Qe7 12. h3 e5 13. Nb5 e4 14. Nd2 Nd5 15.
Nxd6 cxd6 16. b5 N7f6 17. a4 Rac8 18. Qb3 Rc7 19. Rfc1 Rfc8 20. Be2 Qd7 21.
Rxc7 Nxc7 22. a5 Bd5 23. Qb4 Be6 24. axb6 axb6 25. Ra7 h6 26. Qa4 Qd8 27. Nc4
Nfd5 28. Bf1 Rb8 29. Nd2 Bf5 30. Ba3 Rc8 31. Qb3 Qf6 32. Nc4 Be6 33. Nxd6 Rd8
34. Nc4 Qg5 35. Kh1 Ne8 36. Qb2 Rc8 37. Ne5 Nef6 38. Nc6 Kh7 39. Qd2 Re8 40.
Bd6 Qh5 41. Bh2 Qg5 42. Ne5 Rc8 43. Nc6 Re8 44. Be2 h5 45. Qe1 Rc8 46. Ra6 Bd7
47. Ne5 Be8 48. Ra2 Nc3 49. Rb2 Nxe2 50. Qxe2 Rc1+ 51. Bg1 Qf5 52. Qd2 Rc7 53.
Qe2 Nd5 54. Qe1 f6 55. Nc6 Bxc6 56. bxc6 Rxc6 57. Bh2 Kg6 58. Bg3 Qe6 59. Kh2
Kh6 60. Rb5 g5 61. h4 Kg6 62. Qd2 Nc3 63. Rb4 Rc4 64. Rb3 Nd5 65. Rb5 Qc6 66.
Rb2 b5 67. Qe2 b4 68. f3 Nc3 69. Qf1 Na4 70. Rf2 Rc1 71. Qe2 b3 72. fxe4 b2 73.
e5 b1=Q 74. Rxf6+ Qxf6 0-1

[Event "GCT 2023 Croazia - Blitz"]
[Site "Zagabria"]
[Date "08.07.2023"]
[Round "B5"]
[White "Saric, Ivan"]
[Black "Nepomniachtchi, Ian"]
[Result "1/2-1/2"]
[WhiteElo "2657"]
[BlackElo "2779"]
[PlyCount "148"]
[EventDate "2023.??.??"]
[WhiteTeam "Croatia"]
[BlackTeam "FID"]
[WhiteTeamCountry "CRO"]

1. e4 e5 2. Nf3 Nf6 3. Nxe5 d6 4. Nf3 Nxe4 5. Nc3 Nxc3 6. dxc3 Be7 7. Be3 Nd7
8. Qd2 O-O 9. O-O-O Nf6 10. Bd3 Re8 11. h3 d5 12. c4 dxc4 13. Bxc4 Qxd2+ 14.
Rxd2 Bd6 15. Re2 h6 16. Rhe1 Bd7 17. Bd4 Rxe2 18. Rxe2 b5 19. Bd3 Nd5 20. Ne5
Be8 21. Be4 c6 22. g3 a6 23. Nd3 Bd7 24. Bg2 Be6 25. Nc5 Bf5 26. a3 h5 27. b4
h4 28. Bxd5 cxd5 29. g4 Bg6 30. Kb2 a5 31. Nb7 Bf8 32. bxa5 Be4 33. Re3 Bg2 34.
Rc3 f6 35. Rd3 Bf1 36. Re3 Kf7 37. Bb6 d4 38. Bxd4 Bg2 39. a6 Rxa6 40. Nd8+ Kg8
41. Re8 Bxh3 42. Bc5 Bxg4 43. Rxf8+ Kh7 44. Nf7 h3 45. Rh8+ Kg6 46. Nd6 Bh5 47.
Nf5 Kxf5 48. Rxh5+ Kg4 49. Rh7 g5 50. Kb3 Ra4 51. Bd6 f5 52. f3+ Kxf3 53. Rxh3+
Ke4 54. Rc3 Ra6 55. Bc7 f4 56. Rc5 g4 57. Re5+ Kf3 58. Rf5 Ra4 59. Rxb5 Re4 60.
Rb4 Rxb4+ 61. Kxb4 g3 62. a4 g2 63. Bb6 Ke2 64. a5 f3 65. a6 f2 66. Bxf2 Kxf2
67. a7 g1=Q 68. a8=Q Qb1+ 69. Kc3 Qe1+ 70. Kb2 Qb4+ 71. Ka2 Qc4+ 72. Kb2 Qb4+
73. Ka2 Qc4+ 74. Kb2 Qb4+ 1/2-1/2

[Event "GCT 2023 Croazia - Blitz"]
[Site "Zagabria"]
[Date "08.07.2023"]
[Round "B6"]
[White "Caruana, Fabiano"]
[Black "Duda, Jan-Krzysztof"]
[Result "1/2-1/2"]
[WhiteElo "2782"]
[BlackElo "2732"]
[PlyCount "217"]
[EventDate "2023.??.??"]
[WhiteTeam "Stati Uniti"]
[BlackTeam "Polonia"]
[WhiteTeamCountry "USA"]
[BlackTeamCountry "POL"]

1. c4 c6 2. d4 d5 3. Nf3 Nf6 4. e3 e6 5. b3 c5 6. Bb2 cxd4 7. exd4 b6 8. Bd3
Bb7 9. O-O Be7 10. Nbd2 O-O 11. Qe2 Nc6 12. Rac1 Rc8 13. Rfd1 dxc4 14. bxc4 Re8
15. Bb1 Bf8 16. Nf1 g6 17. Ne3 Bg7 18. c5 Nd5 19. Nc4 Ba6 20. Qe1 Bxc4 21. Rxc4
Na5 22. Ra4 Qd7 23. Bc2 Red8 24. Bc1 Nc6 25. Bg5 Nce7 26. Bb3 h6 27. Bh4 bxc5
28. dxc5 Rxc5 29. h3 Qc7 30. Bg3 Qb7 31. Be5 Rdc8 32. Bxg7 Kxg7 33. Rad4 Qc7
34. Qd2 Qa5 35. Qxa5 Rxa5 36. Re1 Rac5 37. g3 a5 38. Kg2 Nf5 39. Rd2 Nc3 40.
Rd7 Kf8 41. Ra7 R8c7 42. Ra8+ Kg7 43. Ne5 g5 44. Nd3 Rb5 45. Rc1 Nd4 46. Ba4
Rbb7 47. Rxa5 Nxa2 48. Rxc7 Rxc7 49. Bd1 Nc3 50. Bh5 Nd5 51. Ne5 f6 52. Nf3 Nc6
53. Rb5 f5 54. Rc5 Nf6 55. Nd4 Kg8 56. Bf3 Nxd4 57. Rxc7 g4 58. hxg4 fxg4 59.
Bd1 h5 60. Rc4 Nf5 61. Bb3 Ng7 62. Rc7 Kf8 63. Kf1 Ne4 64. Ke2 Ng5 65. Ke3 Kg8
66. Ra7 Kh7 67. Bc2+ Kh6 68. Ra8 Nh3 69. Rf8 Kg5 70. Rf7 Nf5+ 71. Ke2 Nd4+ 72.
Kd3 Nf5 73. Ke2 Nd4+ 74. Kd2 Nxc2 75. Kxc2 Kg6 76. Rf8 Kg7 77. Re8 Kf7 78. Rh8
Kg6 79. Kd2 Nxf2 80. Ke3 Nh3 81. Ke4 Ng5+ 82. Ke3 e5 83. Ra8 Kf5 84. Rf8+ Kg6
85. Rh8 Nf7 86. Re8 Kf6 87. Ra8 Nd6 88. Ra6 Ke6 89. Kf2 Kd5 90. Ra8 Ne4+ 91.
Kg2 Nf6 92. Ra6 Ne4 93. Rh6 Nc3 94. Rxh5 Kd4 95. Rg5 e4 96. Rxg4 Kd3 97. Rg8 e3
98. Kf3 Nb5 99. Re8 Nd4+ 100. Kg2 Kd2 101. g4 Nc2 102. g5 e2 103. g6 Ne3+ 104.
Rxe3 Kxe3 105. g7 e1=Q 106. g8=Q Qf2+ 107. Kh3 Qf3+ 108. Qg3 Qxg3+ 109. Kxg3
1/2-1/2

[Event "GCT 2023 Croazia - Blitz"]
[Site "Zagabria"]
[Date "08.07.2023"]
[Round "B6"]
[White "Anand, Viswanathan"]
[Black "Firouzja, Alireza"]
[Result "0-1"]
[WhiteElo "2754"]
[BlackElo "2777"]
[PlyCount "90"]
[EventDate "2023.??.??"]
[WhiteTeam "India"]
[BlackTeam "Francia"]
[WhiteTeamCountry "IND"]
[BlackTeamCountry "FRA"]

1. e4 c5 2. Nf3 d6 3. d4 cxd4 4. Nxd4 Nf6 5. Nc3 a6 6. Be2 e5 7. Nf3 h6 8. Nd2
b5 9. a4 b4 10. Nd5 Nxd5 11. exd5 a5 12. O-O Be7 13. Bb5+ Nd7 14. Nc4 O-O 15.
c3 bxc3 16. bxc3 Qc7 17. Be3 Rb8 18. Qd2 Rxb5 19. axb5 Qxc4 20. Rxa5 Bb7 21. b6
Nf6 22. Rd1 Ra8 23. Qd3 Qc8 24. Rxa8 Qxa8 25. c4 Qa4 26. h3 Nd7 27. Rb1 Bg5 28.
Bxg5 hxg5 29. Qf5 Nf6 30. c5 dxc5 31. Qxe5 Qd7 32. Rd1 Nxd5 33. Qc7 Qxc7 34.
bxc7 Nxc7 35. Rd8+ Kh7 36. Rd7 Bxg2 37. Kxg2 Ne6 38. Rxf7 Kg6 39. Ra7 Kf5 40.
Kf3 Nd4+ 41. Ke3 Ne6 42. Rd7 Ke5 43. Rf7 g6 44. Ra7 Nf4 45. Rc7 Nd5+ 0-1

[Event "GCT 2023 Croazia - Blitz"]
[Site "Zagabria"]
[Date "08.07.2023"]
[Round "B6"]
[White "Rapport, Richard"]
[Black "Saric, Ivan"]
[Result "0-1"]
[WhiteElo "2752"]
[BlackElo "2657"]
[PlyCount "86"]
[EventDate "2023.??.??"]
[WhiteTeam "ROU"]
[BlackTeam "Croatia"]
[BlackTeamCountry "CRO"]

1. Nc3 d5 2. e4 dxe4 3. Nxe4 Nf6 4. Nxf6+ exf6 5. d4 Bd6 6. Qe2+ Be7 7. Be3 O-O
8. O-O-O c6 9. Nh3 Nd7 10. Nf4 Nb6 11. Qh5 g6 12. Qf3 a5 13. d5 Nxd5 14. Bc4
Be6 15. Nxd5 cxd5 16. Bxd5 Bxd5 17. Qxd5 Qc7 18. Qd7 Rfc8 19. Qxc7 Rxc7 20.
Rhe1 Rac8 21. Re2 Bc5 22. Bf4 Rc6 23. Rd7 g5 24. Bd2 b6 25. Bc3 h5 26. a4 Kg7
27. h3 Kg6 28. f3 Re6 29. Kd1 Rce8 30. Rxe6 fxe6 31. Ke2 e5 32. Rc7 e4 33. Bd2
exf3+ 34. Kxf3 g4+ 35. hxg4 hxg4+ 36. Kxg4 Re2 37. Bxa5 Rxc2 38. Bxb6 Rxg2+ 39.
Kh3 Bxb6 40. Rb7 Rxb2 41. a5 Bd4 42. Rd7 Be5 43. a6 f5 0-1

[Event "GCT 2023 Croazia - Blitz"]
[Site "Zagabria"]
[Date "08.07.2023"]
[Round "B7"]
[White "Saric, Ivan"]
[Black "Caruana, Fabiano"]
[Result "0-1"]
[WhiteElo "2657"]
[BlackElo "2782"]
[PlyCount "104"]
[EventDate "2023.??.??"]
[WhiteTeam "Croatia"]
[BlackTeam "Stati Uniti"]
[WhiteTeamCountry "CRO"]
[BlackTeamCountry "USA"]

1. e4 c5 2. Nf3 d6 3. d4 cxd4 4. Nxd4 Nf6 5. Nc3 a6 6. Be3 e5 7. Nb3 Be7 8. f3
Be6 9. Qd2 h5 10. Be2 Nbd7 11. Nd5 Bxd5 12. exd5 h4 13. O-O-O Kf8 14. Kb1 g6
15. g3 a5 16. a4 Nb6 17. Bb5 Nfxd5 18. Bf2 Kg7 19. f4 Qc7 20. c3 Nf6 21. Qe2
Nbd7 22. g4 Rad8 23. Rhg1 b6 24. Qf3 Nc5 25. Nxc5 bxc5 26. g5 Nh5 27. f5 gxf5
28. Qxf5 Qc8 29. Qe4 Qe6 30. g6 f5 31. Qb7 Nf4 32. Be3 Nh3 33. Rge1 f4 34. Bc4
Qf6 35. Bc1 Kxg6 36. Rd3 Ng5 37. Bxf4 Qxf4 38. Qxe7 Qxc4 39. Rxd6+ Rxd6 40.
Qxd6+ Qe6 41. Qxc5 e4 42. Rg1 Qf5 43. Qd6+ Kh5 44. Ka1 Re8 45. Qc6 Re6 46. Qc8
Qf6 47. Qc5 e3 48. Re1 e2 49. Qc4 Re4 50. Qd3 Qf2 51. Qd2 Qxe1+ 52. Qxe1 Nf3
0-1

[Event "GCT 2023 Croazia - Blitz"]
[Site "Zagabria"]
[Date "08.07.2023"]
[Round "B7"]
[White "Lupulescu, Constantin"]
[Black "Anand, Viswanathan"]
[Result "1/2-1/2"]
[WhiteElo "2584"]
[BlackElo "2754"]
[PlyCount "101"]
[EventDate "2023.??.??"]
[WhiteTeam "ROU"]
[BlackTeam "India"]
[BlackTeamCountry "IND"]

1. d4 d5 2. c4 dxc4 3. Nf3 Nf6 4. e3 e6 5. Bxc4 c5 6. O-O a6 7. Be2 Nbd7 8. b3
b6 9. Bb2 Bb7 10. Nbd2 Be7 11. Rc1 O-O 12. Qc2 Rc8 13. Qb1 b5 14. dxc5 Rxc5 15.
Rxc5 Nxc5 16. Rc1 Qa8 17. Bd4 Rc8 18. Qb2 Ncd7 19. a4 Rxc1+ 20. Qxc1 Bc6 21.
axb5 axb5 22. Qa1 Qc8 23. Bb2 Qb7 24. Bf1 Nc5 25. Nd4 Be8 26. Qa5 b4 27. Be2
Nd5 28. Bf3 Qa6 29. Qxa6 Nxa6 30. Ne4 Nac7 31. Kf1 Bd7 32. Ke1 e5 33. Nc2 f6
34. Nd2 Nb6 35. Be2 Be6 36. Nc4 Nxc4 37. Bxc4 Bxc4 38. bxc4 Kf7 39. Na1 Na6 40.
Nb3 Ke6 41. Kd2 Bd6 42. e4 h5 43. h3 g6 44. f3 f5 45. Kd3 Be7 46. Bc1 Kd7 47.
Be3 Kc6 48. Bf2 Bd6 49. Be3 Be7 50. Bf2 Bd6 51. Be3 1/2-1/2

[Event "GCT 2023 Croazia - Blitz"]
[Site "Zagabria"]
[Date "08.07.2023"]
[Round "B7"]
[White "Nepomniachtchi, Ian"]
[Black "Rapport, Richard"]
[Result "1/2-1/2"]
[WhiteElo "2779"]
[BlackElo "2752"]
[PlyCount "84"]
[EventDate "2023.??.??"]
[WhiteTeam "FID"]
[BlackTeam "ROU"]

1. d4 Nf6 2. c4 g6 3. Nc3 Bg7 4. e4 d6 5. Be2 O-O 6. Nf3 e5 7. O-O Na6 8. Re1
Bg4 9. d5 Nc5 10. Ng5 Bxe2 11. Qxe2 a5 12. Nf3 Nfd7 13. Be3 f5 14. Qc2 b6 15.
b3 f4 16. Bxc5 bxc5 17. h3 g5 18. Qe2 Qf6 19. Nb5 Rac8 20. Nh2 Qg6 21. Qg4 Nf6
22. Qe6+ Kh8 23. Ng4 Rce8 24. Qf5 Qxf5 25. exf5 Re7 26. Nxf6 Rxf6 27. Nc3 Rxf5
28. Ne4 h5 29. f3 Re8 30. Kf2 Rb8 31. Ke2 Kh7 32. Kd3 Kg6 33. Rab1 Rff8 34. Rg1
Bf6 35. a3 Be7 36. Rb2 Rb7 37. Rgb1 Rfb8 38. Kc3 Kf5 39. Rh1 Ra8 40. Rhb1 Rab8
41. Rh1 Ra8 42. Rhb1 Rab8 1/2-1/2

[Event "GCT 2023 Croazia - Blitz"]
[Site "Zagabria"]
[Date "08.07.2023"]
[Round "B8"]
[White "Firouzja, Alireza"]
[Black "Lupulescu, Constantin"]
[Result "1-0"]
[WhiteElo "2777"]
[BlackElo "2584"]
[PlyCount "77"]
[EventDate "2023.??.??"]
[WhiteTeam "Francia"]
[BlackTeam "ROU"]
[WhiteTeamCountry "FRA"]

1. c4 e6 2. Nf3 d5 3. g3 d4 4. Bg2 Nc6 5. d3 Bc5 6. Nbd2 Nf6 7. Nb3 Be7 8. e3
Bb4+ 9. Kf1 dxe3 10. Bxe3 Be7 11. d4 O-O 12. h3 a5 13. Kg1 a4 14. Nbd2 a3 15.
b3 Nb4 16. Ne5 Nd7 17. Ndf3 c5 18. Kh2 cxd4 19. Bxd4 Nc5 20. Bc3 Qb6 21. Bxb4
Qxb4 22. Qc2 f6 23. Ng4 Bd7 24. Rad1 Bc6 25. Nd4 Qb6 26. Bxc6 bxc6 27. Rhe1 e5
28. Nf5 Ra7 29. f4 Na6 30. fxe5 Nb4 31. Qe2 h5 32. Nge3 fxe5 33. Qxh5 Bc5 34.
Ng4 Raf7 35. Qg6 Kh8 36. Rxe5 Nxa2 37. Nxg7 Rxg7 38. Rh5+ Kg8 39. Nh6+ 1-0

[Event "GCT 2023 Croazia - Blitz"]
[Site "Zagabria"]
[Date "08.07.2023"]
[Round "B8"]
[White "Caruana, Fabiano"]
[Black "Nepomniachtchi, Ian"]
[Result "1/2-1/2"]
[WhiteElo "2782"]
[BlackElo "2779"]
[PlyCount "230"]
[EventDate "2023.??.??"]
[WhiteTeam "Stati Uniti"]
[BlackTeam "FID"]
[WhiteTeamCountry "USA"]

1. d4 Nf6 2. c4 e6 3. Nc3 Bb4 4. e3 c5 5. Nge2 d5 6. a3 Ba5 7. dxc5 dxc4 8.
Qxd8+ Kxd8 9. Bd2 Nbd7 10. Nd4 Nxc5 11. Bxc4 Bxc3 12. Bxc3 Nce4 13. Bb4 a5 14.
Bd2 Nxd2 15. Kxd2 Bd7 16. f3 Ke7 17. Rac1 Rhc8 18. e4 Ne8 19. e5 Rc5 20. f4 Rd8
21. Be2 Rd5 22. Ke3 g5 23. g3 gxf4+ 24. gxf4 Rxd4 25. Kxd4 Bc6+ 26. Ke3 Bxh1
27. Rxh1 Nc7 28. Rc1 Nd5+ 29. Kf3 f6 30. exf6+ Kxf6 31. Rc5 Ke7 32. Bc4 Nb6 33.
Ba2 Rd2 34. Rb5 Nd7 35. Rxb7 Rxh2 36. Bc4 Kd6 37. Ra7 Rxb2 38. Rxa5 Nc5 39. Ra7
h5 40. a4 Rc2 41. Bb5 Rc3+ 42. Kg2 h4 43. Rh7 Rg3+ 44. Kh2 Rg4 45. a5 Rxf4 46.
a6 Nxa6 47. Bxa6 Ke5 48. Kh3 Rb4 49. Be2 Rd4 50. Bg4 Kf4 51. Bxe6 Ke3 52. Bg4
Rf4 53. Ra7 Rb4 54. Kxh4 Kf4 55. Rf7+ Ke5 56. Kg5 Rb1 57. Re7+ Kd4 58. Kf4 Rh1
59. Rd7+ Kc4 60. Bf3 Rh4+ 61. Ke5 Kc3 62. Be4 Kc4 63. Rc7+ Kb4 64. Kd4 Rg4 65.
Rb7+ Ka4 66. Rb8 Rh4 67. Kd5 Ka3 68. Bd3 Rb4 69. Rc8 Rh4 70. Be4 Kb4 71. Kd4
Rg4 72. Rb8+ Ka4 73. Kd3 Ka5 74. Bf3 Rb4 75. Rc8 Kb5 76. Bd5 Rh4 77. Be4 Kb4
78. Rc4+ Ka5 79. Kd4 Kb5 80. Rc1 Kb4 81. Rb1+ Ka4 82. Kd5 Ka3 83. Bd3 Rb4 84.
Rh1 Kb3 85. Kc5 Rf4 86. Rh3 Rf8 87. Be4+ Kb2 88. Kd4 Rd8+ 89. Bd5 Kc2 90. Rh5
Kd2 91. Rg5 Rd7 92. Rg8 Kd1 93. Ke4 Kd2 94. Ra8 Re7+ 95. Kd4 Rd7 96. Ra2+ Kd1
97. Ke4 Kc1 98. Bc4 Rd2 99. Ra8 Rd7 100. Bd3 Kd2 101. Ra2+ Kc3 102. Rc2+ Kb4
103. Ke3 Rg7 104. Rc4+ Kb3 105. Rc8 Kb4 106. Be4 Rg4 107. Kd3 Rh4 108. Rc4+ Ka5
109. Kd4 Kb5 110. Rc5+ Kb4 111. Rg5 Ka4 112. Rg8 Kb4 113. Re8 Rg4 114. Re7 Rh4
115. Rg7 Ka4 1/2-1/2

[Event "GCT 2023 Croazia - Blitz"]
[Site "Zagabria"]
[Date "08.07.2023"]
[Round "B8"]
[White "Anand, Viswanathan"]
[Black "Duda, Jan-Krzysztof"]
[Result "0-1"]
[WhiteElo "2754"]
[BlackElo "2732"]
[PlyCount "38"]
[EventDate "2023.??.??"]
[WhiteTeam "India"]
[BlackTeam "Polonia"]
[WhiteTeamCountry "IND"]
[BlackTeamCountry "POL"]

1. e4 c5 2. Nf3 d6 3. d4 cxd4 4. Nxd4 Nf6 5. Nc3 a6 6. Bd3 g6 7. f3 Nc6 8. Nxc6
bxc6 9. Be3 Bg7 10. Qd2 h5 11. O-O-O Be6 12. Kb1 Rb8 13. b3 Qa5 14. Nd5 Qa3 15.
Nxf6+ Bxf6 16. Qc1 Qa4 17. Rd2 c5 18. Be2 c4 19. Bd1 O-O 0-1

[Event "GCT 2023 Croazia - Blitz"]
[Site "Zagabria"]
[Date "08.07.2023"]
[Round "B9"]
[White "Saric, Ivan"]
[Black "Anand, Viswanathan"]
[Result "1-0"]
[WhiteElo "2657"]
[BlackElo "2754"]
[PlyCount "69"]
[EventDate "2023.??.??"]
[WhiteTeam "Croatia"]
[BlackTeam "India"]
[WhiteTeamCountry "CRO"]
[BlackTeamCountry "IND"]

1. e4 c6 2. Nc3 d5 3. Nf3 Bg4 4. h3 Bxf3 5. Qxf3 e6 6. Be2 Bc5 7. O-O Ne7 8.
Rd1 Bd4 9. exd5 cxd5 10. Nb5 Nbc6 11. c3 Bf6 12. d4 a6 13. Na3 O-O 14. Bd3 b5
15. Nc2 Nc8 16. a4 Nd6 17. axb5 axb5 18. Bf4 Nc4 19. b3 Nb2 20. Rxa8 Qxa8 21.
Ra1 Qb7 22. Bf1 b4 23. Bc1 bxc3 24. Qxc3 Nd1 25. Qd3 Nxf2 26. Kxf2 Rb8 27. Be3
Qxb3 28. Qxb3 Rxb3 29. Ra8+ Rb8 30. Rxb8+ Nxb8 31. Bb5 g5 32. h4 h6 33. hxg5
hxg5 34. Kf3 Kg7 35. Bf2 1-0

[Event "GCT 2023 Croazia - Blitz"]
[Site "Zagabria"]
[Date "08.07.2023"]
[Round "B9"]
[White "Rapport, Richard"]
[Black "Caruana, Fabiano"]
[Result "0-1"]
[WhiteElo "2752"]
[BlackElo "2782"]
[PlyCount "102"]
[EventDate "2023.??.??"]
[WhiteTeam "ROU"]
[BlackTeam "Stati Uniti"]
[BlackTeamCountry "USA"]

1. Nf3 d5 2. g3 c5 3. Bg2 Nf6 4. O-O g6 5. c4 Bg7 6. Qa4+ Nc6 7. Ne5 Qd6 8.
Nxc6 bxc6 9. cxd5 Nxd5 10. Nc3 O-O 11. Ne4 Qc7 12. Nxc5 Rb8 13. Rb1 Rd8 14. a3
Rb5 15. Qc2 h5 16. d3 h4 17. e4 h3 18. Bh1 Nc3 19. Bf4 e5 20. bxc3 exf4 21. d4
Bg4 22. Nd3 fxg3 23. hxg3 Qe7 24. Kh2 Qxa3 25. Nb4 c5 26. Ra1 Qxa1 27. Rxa1
cxb4 28. Rb1 a5 29. e5 Rbb8 30. cxb4 axb4 31. Qc7 Rdc8 32. Qa7 Rb5 33. Qa4 Rcb8
34. Bc6 R5b6 35. Qa7 Be6 36. d5 Bf5 37. Re1 b3 38. e6 fxe6 39. dxe6 b2 40. Be4
Bxe4 41. Rxe4 R6b7 42. Qc5 b1=Q 43. Qd5 Qb3 44. Rc4 Qb5 45. Rc5 Qb3 46. Rc4 Rb5
47. Qc6 Qb2 48. Rf4 Qe5 49. Qd7 R5b7 50. Qc6 Rb6 51. Qd7 Qxe6 0-1

[Event "GCT 2023 Croazia - Blitz"]
[Site "Zagabria"]
[Date "08.07.2023"]
[Round "B9"]
[White "Duda, Jan-Krzysztof"]
[Black "Firouzja, Alireza"]
[Result "1/2-1/2"]
[WhiteElo "2732"]
[BlackElo "2777"]
[PlyCount "98"]
[EventDate "2023.??.??"]
[WhiteTeam "Polonia"]
[BlackTeam "Francia"]
[WhiteTeamCountry "POL"]
[BlackTeamCountry "FRA"]

1. d4 Nf6 2. c4 e6 3. Nf3 d5 4. g3 dxc4 5. Bg2 a6 6. O-O Nc6 7. e3 Rb8 8. Qe2
Bd7 9. Qxc4 Bd6 10. Nbd2 O-O 11. Qc2 Qe7 12. Nc4 Nb4 13. Qb3 Nbd5 14. Bd2 Ne4
15. Rfd1 f5 16. Nfe5 b5 17. Nxd6 cxd6 18. Nxd7 Qxd7 19. Be1 Rfc8 20. f3 Nef6
21. Bd2 Nb6 22. Qd3 Nc4 23. Bc1 d5 24. b3 Nd6 25. Bd2 Rc6 26. Rac1 Rbc8 27. Bf1
g5 28. Rxc6 Rxc6 29. Rc1 g4 30. Be2 gxf3 31. Bxf3 Nde4 32. Kg2 Qc7 33. Ba5 Qc8
34. Rxc6 Qxc6 35. Bd2 Ng4 36. Kg1 Ngf2 37. Qe2 Qc2 38. Be1 Qb1 39. Kg2 Nd3 40.
Ba5 b4 41. Bxe4 dxe4 42. Qh5 Qxa2+ 43. Kh3 Nf2+ 44. Kh4 Ng4 45. Qe8+ Kg7 46.
Qe7+ Kg6 47. Qe8+ Kg7 48. Qe7+ Kg6 49. Qe8+ Kg7 1/2-1/2

[Event "GCT 2023 Croazia - Blitz"]
[Site "Zagabria"]
[Date "09.07.2023"]
[Round "B10"]
[White "Carlsen, Magnus"]
[Black "Caruana, Fabiano"]
[Result "1/2-1/2"]
[WhiteElo "2835"]
[BlackElo "2782"]
[PlyCount "100"]
[EventDate "2023.??.??"]
[WhiteTeam "Norway"]
[BlackTeam "Stati Uniti"]
[WhiteTeamCountry "NOR"]
[BlackTeamCountry "USA"]

1. c4 Nf6 2. Nc3 e5 3. Nf3 Nc6 4. g3 d5 5. cxd5 Nxd5 6. Bg2 Bc5 7. O-O O-O 8.
d3 h6 9. Nxd5 Qxd5 10. Nd2 Qd8 11. Nc4 Re8 12. Bxc6 bxc6 13. Be3 Bb6 14. Rc1
Bh3 15. Re1 Qd5 16. f3 Bxe3+ 17. Nxe3 Qxa2 18. Qc2 Reb8 19. Nc4 Be6 20. Ra1 Qb3
21. Qxb3 Rxb3 22. Nxe5 Rxb2 23. Nxc6 Bd7 24. Ne7+ Kh7 25. Nd5 a5 26. Nxc7 Rc8
27. Nd5 a4 28. Kf2 Be6 29. Ne3 Bb3 30. Reb1 Rxb1 31. Rxb1 Ra8 32. Nc4 a3 33.
Ke3 a2 34. Ra1 Bc2 35. Nd2 Re8+ 36. Kf2 Ra8 37. Ke1 Kg6 38. Ne4 f5 39. Kd2 fxe4
40. Kxc2 exf3 41. exf3 Kf6 42. Kb3 Rd8 43. Kc3 Ra8 44. d4 Ke6 45. Kc4 Kd6 46.
f4 h5 47. f5 Ra3 48. Kb4 Ra8 49. Kc4 Ra3 50. Kb4 Ra8 1/2-1/2

[Event "GCT 2023 Croazia - Blitz"]
[Site "Zagabria"]
[Date "09.07.2023"]
[Round "B10"]
[White "Saric, Ivan"]
[Black "Firouzja, Alireza"]
[Result "0-1"]
[WhiteElo "2657"]
[BlackElo "2777"]
[PlyCount "55"]
[EventDate "2023.??.??"]
[WhiteTeam "Croatia"]
[BlackTeam "Francia"]
[WhiteTeamCountry "CRO"]
[BlackTeamCountry "FRA"]

1. e4 c5 2. Nf3 e6 3. d4 cxd4 4. Nxd4 Nc6 5. Nc3 a6 6. Be2 d6 7. Nxc6 bxc6 8.
Qd3 Nf6 9. b3 e5 10. Bb2 Be7 11. O-O-O O-O 12. Kb1 a5 13. Qe3 Be6 14. h4 a4 15.
h5 axb3 16. axb3 h6 17. g4 Nd7 18. Rhg1 Nc5 19. f4 exf4 20. Qxf4 f6 21. Rd4 Qb6
22. Rgd1 Rfb8 23. Rxd6 Bxd6 24. Qxd6 Bxb3 25. cxb3 Qxb3 26. Qd2 Ra7 27. Kc1
Rab7 28. Na4 0-1

[Event "GCT 2023 Croazia - Blitz"]
[Site "Zagabria"]
[Date "09.07.2023"]
[Round "B10"]
[White "Duda, Jan-Krzysztof"]
[Black "Lupulescu, Constantin"]
[Result "1-0"]
[WhiteElo "2732"]
[BlackElo "2584"]
[PlyCount "31"]
[EventDate "2023.??.??"]
[WhiteTeam "Polonia"]
[BlackTeam "ROU"]
[WhiteTeamCountry "POL"]

1. Nf3 d5 2. c4 d4 3. b4 c5 4. Bb2 Qc7 5. g3 e5 6. Bg2 cxb4 7. O-O Nc6 8. e3
Bc5 9. a3 dxe3 10. fxe3 bxa3 11. Nxa3 Bxa3 12. Bxa3 Nge7 13. d4 exd4 14. exd4
Bg4 15. d5 Rd8 16. Qa4 1-0

[Event "GCT 2023 Croazia - Blitz"]
[Site "Zagabria"]
[Date "09.07.2023"]
[Round "B11"]
[White "Anand, Viswanathan"]
[Black "Rapport, Richard"]
[Result "1/2-1/2"]
[WhiteElo "2754"]
[BlackElo "2752"]
[PlyCount "93"]
[EventDate "2023.??.??"]
[WhiteTeam "India"]
[BlackTeam "ROU"]
[WhiteTeamCountry "IND"]

1. e4 Nf6 2. e5 Nd5 3. d4 d6 4. Nf3 dxe5 5. Nxe5 c6 6. Be2 Bf5 7. O-O Nd7 8.
Nf3 e6 9. Bd3 Bxd3 10. Qxd3 Be7 11. c4 N5f6 12. Nc3 O-O 13. Qe2 Re8 14. Bf4 Nf8
15. Rad1 Qb6 16. Rd3 Rad8 17. Rfd1 Qa6 18. b3 b5 19. Ne5 Ng6 20. Nxg6 hxg6 21.
cxb5 cxb5 22. Rf3 Nd5 23. Qxb5 Qxb5 24. Nxb5 Rd7 25. Nc3 Nxf4 26. Rxf4 Rc8 27.
Rf3 Bf6 28. Rfd3 Rxd4 29. Rxd4 Bxd4 30. Rxd4 Rxc3 31. g3 a5 32. h4 Kf8 33. Ra4
Rc5 34. Kg2 g5 35. hxg5 Rxg5 36. b4 axb4 37. Rxb4 Rc5 38. Rb8+ Ke7 39. Rb7+ Kf6
40. a4 Rc3 41. a5 Ra3 42. Ra7 e5 43. Ra6+ Kg5 44. Ra7 Kf6 45. Ra6+ Kg5 46. Ra7
Kf6 47. Ra6+ 1/2-1/2

[Event "GCT 2023 Croazia - Blitz"]
[Site "Zagabria"]
[Date "09.07.2023"]
[Round "B11"]
[White "Firouzja, Alireza"]
[Black "Nepomniachtchi, Ian"]
[Result "0-1"]
[WhiteElo "2777"]
[BlackElo "2779"]
[PlyCount "110"]
[EventDate "2023.??.??"]
[WhiteTeam "Francia"]
[BlackTeam "FID"]
[WhiteTeamCountry "FRA"]

1. c4 Nf6 2. Nf3 g6 3. Nc3 d5 4. cxd5 Nxd5 5. Qb3 Nb6 6. d4 Bg7 7. Bf4 O-O 8.
Rd1 Nc6 9. d5 Na5 10. Qc2 Nac4 11. b3 Nd6 12. Nd4 c6 13. dxc6 e5 14. Ndb5 exf4
15. Nxd6 Qc7 16. Nce4 Bd7 17. Nxb7 Qxc6 18. Qxc6 Bxc6 19. Nbc5 Rfe8 20. Nd2
Rad8 21. Rc1 Nd5 22. h4 Nc3 23. Rh3 Nxa2 24. Rc4 Bb5 25. Rxf4 Bc3 26. Rxc3 Nxc3
27. Nb7 Rd5 28. Rf3 Nxe2 29. Re3 Rxe3 30. fxe3 Nc3 31. Bc4 Re5 32. Nf3 Rxe3+
33. Kd2 Re7 34. Na5 Ne4+ 35. Kd3 Nd6 36. Kd4 Be8 37. g4 Kg7 38. Ne5 Rc7 39. Nd3
h5 40. gxh5 gxh5 41. Nf4 Kh6 42. Nd5 Rc8 43. Ke5 Nxc4+ 44. Nxc4 Rb8 45. Nd6 Kg7
46. Nf5+ Kf8 47. Nf6 Rb5+ 48. Kf4 Rb6 49. Kg5 Bb5 50. Nh7+ Kg8 51. Nf6+ Kh8 52.
Nxh5 Bd3 53. Nd4 Rb4 54. Nc6 Rb5+ 55. Kf6 Rxh5 0-1

[Event "GCT 2023 Croazia - Blitz"]
[Site "Zagabria"]
[Date "09.07.2023"]
[Round "B11"]
[White "Duda, Jan-Krzysztof"]
[Black "Carlsen, Magnus"]
[Result "1/2-1/2"]
[WhiteElo "2732"]
[BlackElo "2835"]
[PlyCount "121"]
[EventDate "2023.??.??"]
[WhiteTeam "Polonia"]
[BlackTeam "Norway"]
[WhiteTeamCountry "POL"]
[BlackTeamCountry "NOR"]

1. d4 g6 2. e4 d6 3. Nc3 Bg7 4. Be3 a6 5. Qd2 b5 6. O-O-O Bb7 7. f3 Nd7 8. Kb1
Ngf6 9. h4 h6 10. Nh3 Nb6 11. Qf2 e6 12. g4 Nfd7 13. Bg2 Nc4 14. Bc1 c5 15. Ne2
cxd4 16. Nxd4 Qb6 17. Rhe1 b4 18. Nb3 Qxf2 19. Nxf2 Ke7 20. Bf1 Ndb6 21. Nd2
Rac8 22. Nxc4 Nxc4 23. Bxc4 Rxc4 24. b3 Rc7 25. Bb2 Bxb2 26. Kxb2 Rhc8 27. Rd2
a5 28. Nd3 Rc3 29. Ra1 Ba6 30. a3 Bxd3 31. cxd3 bxa3+ 32. Rxa3 R3c5 33. f4 d5
34. e5 h5 35. gxh5 gxh5 36. Rg2 Rb8 37. Rg5 Rb4 38. Ra4 Rcb5 39. Rxb4 Rxb4 40.
Rxh5 a4 41. f5 Rxb3+ 42. Kc2 exf5 43. Rxf5 Rb4 44. Rf6 Rxh4 45. Kc3 a3 46. Ra6
a2 47. Rxa2 Ke6 48. d4 Rh1 49. Ra6+ Kf5 50. Rf6+ Ke4 51. Rxf7 Rh3+ 52. Kd2 Kxd4
53. e6 Rh2+ 54. Kd1 Rh8 55. e7 Re8 56. Kd2 Ke5 57. Kd3 Ke6 58. Rh7 Rxe7 59.
Rxe7+ Kxe7 60. Kd4 Kf6 61. Kxd5 1/2-1/2